| 000 | 00548nam a2200229Ia 4500 | ||
|---|---|---|---|
| 003 | OSt | ||
| 005 | 20250623113828.0 | ||
| 008 | 210210b1999 xxu||||| |||| 00| 0 eng d | ||
| 020 | _a81 7446 181 7 | ||
| 040 | _cAL | ||
| 041 | _aeng | ||
| 082 | _a519.5 BHAB | ||
| 100 |
_aBhardwaj, R S _9215775 |
||
| 245 | _aBusiness statistics | ||
| 260 |
_aND _bExcel Books _c1999 |
||
| 300 | _a1.1-27.14 | ||
| 650 |
_astatistics _9215776 |
||
| 650 |
_aBusiness _9215777 |
||
| 690 |
_aBusiness Statistics _9215778 |
||
| 906 | _aSG03535 | ||
| 942 |
_2ddc _cSG |
||
| 999 |
_c114220 _d114220 |
||